[Event "Collado Villalba op-A 35th"]
[Site "Collado Villalba ESP"]
[Date "2018.08.24"]
[Round "1.1"]
[White "Rojas Pozo, Jose Luis"]
[Black "Martin Duque, Jesus"]
[Result "0-1"]
[WhiteElo "1966"]
[BlackElo "2378"]
[PlyCount "68"]
[EventDate "2018.08.24"]
[EventType "swiss"]
[EventRounds "9"]
[EventCountry "ESP"]
[SourceTitle "Ajedrez en Madrid"]
[Source "lmi"]
[SourceDate "2018.08.24"]

1. d4 Nf6 2. Nf3 e6 3. c4 c5 4. e3 b6 5. Nc3 cxd4 6. exd4 Bb7 7. Bd3 Bb4 8. O-O
O-O 9. Re1 d5 10. Bg5 Be7 11. Qe2 Nc6 12. Rad1 Nb4 13. Bb1 dxc4 14. Ne5 Rc8 15.
Nxc4 Nbd5 16. Bd3 h6 17. Bd2 Nb4 18. Bb1 Ba6 19. b3 Bxc4 20. bxc4 Qxd4 21. a3
Nc6 22. Nb5 Qg4 23. f3 Bc5+ 24. Kh1 Qh4 25. g3 Qh3 26. Bc3 Nh5 27. Rg1 Bxg1 28.
Kxg1 Rcd8 29. Be4 Ne7 30. f4 Nxg3 31. hxg3 Qxg3+ 32. Kh1 Rxd1+ 33. Qxd1 Qh3+
34. Kg1 Qe3+ 0-1

[Event "Collado Villalba op-A 35th"]
[Site "Collado Villalba ESP"]
[Date "2018.08.24"]
[Round "1.2"]
[White "Hernando Pertierra, Jose Carlos"]
[Black "Baeza Escudero, Javier"]
[Result "1-0"]
[WhiteElo "2354"]
[BlackElo "1941"]
[PlyCount "87"]
[EventDate "2018.08.24"]
[EventType "swiss"]
[EventRounds "9"]
[EventCountry "ESP"]
[SourceTitle "Ajedrez en Madrid"]
[Source "lmi"]
[SourceDate "2018.08.24"]

1. Nf3 Nf6 2. c4 g6 3. Nc3 Bg7 4. d4 O-O 5. h3 d5 6. cxd5 Nxd5 7. Bd2 Bf5 8. g4
Nxc3 9. Bxc3 Be4 10. Bg2 Nd7 11. O-O c5 12. Rc1 cxd4 13. Bxd4 e5 14. Be3 Nb6
15. Bc5 Qxd1 16. Rfxd1 Rfe8 17. b3 Rac8 18. Nd2 Bxg2 19. Kxg2 f5 20. Bxb6 axb6
21. Nc4 Bh6 22. e3 f4 23. a4 fxe3 24. fxe3 Rc7 25. h4 Rec8 26. g5 Bf8 27. Rd5
Re8 28. Rcd1 Bc5 29. Rd8 Rxd8 30. Rxd8+ Kg7 31. Kf3 h6 32. Rd5 hxg5 33. hxg5
Rf7+ 34. Ke4 Rf1 35. Rd7+ Kg8 36. Nxe5 Rb1 37. Rd3 Be7 38. Nxg6 Bxg5 39. Kf5
Rg1 40. e4 Bc1 41. Rd8+ Kg7 42. Rd7+ Kh6 43. Ne5 Rg3 44. Ng4+ 1-0

[Event "Collado Villalba op-A 35th"]
[Site "Collado Villalba ESP"]
[Date "2018.08.24"]
[Round "1.3"]
[White "Cuellar Gutierrez, Raul"]
[Black "Elissalt Cardenas, Hector"]
[Result "0-1"]
[WhiteElo "1927"]
[BlackElo "2323"]
[PlyCount "84"]
[EventDate "2018.08.24"]
[EventType "swiss"]
[EventRounds "9"]
[EventCountry "ESP"]
[SourceTitle "Ajedrez en Madrid"]
[Source "lmi"]
[SourceDate "2018.08.24"]

1. d4 Nf6 2. g3 d5 3. Bg2 e6 4. Nf3 c5 5. c4 Nc6 6. cxd5 exd5 7. O-O h6 8. Nc3
Be7 9. dxc5 Bxc5 10. e3 O-O 11. Ne2 Qb6 12. b3 Bg4 13. Bb2 Ne4 14. h3 Bxf3 15.
Bxf3 Rfe8 16. Rc1 Rad8 17. Nd4 Bxd4 18. Bxd4 Nxd4 19. exd4 Ng5 20. Bg2 Ne6 21.
Re1 Nxd4 22. Qd3 Rxe1+ 23. Rxe1 Nc6 24. Rd1 Nb4 25. Qf3 d4 26. Qxb7 Qxb7 27.
Bxb7 Nxa2 28. Ba6 Nc3 29. Rd2 Rd6 30. Bd3 a5 31. Kg2 Kf8 32. f4 Ke7 33. Kf3 Re6
34. Bc4 Re3+ 35. Kg2 Rxg3+ 36. Kh2 Re3 37. Rxd4 Re4 38. Rxe4+ Nxe4 39. Kg2 g5
40. fxg5 hxg5 41. Bd5 f5 42. Kf3 Nf6 0-1

[Event "Collado Villalba op-A 35th"]
[Site "Collado Villalba ESP"]
[Date "2018.08.24"]
[Round "1.4"]
[White "Quispe Arteaga, Gabriel"]
[Black "Lobato Lavin, Alvaro"]
[Result "1-0"]
[WhiteElo "2312"]
[BlackElo "1923"]
[PlyCount "63"]
[EventDate "2018.08.24"]
[EventType "swiss"]
[EventRounds "9"]
[EventCountry "ESP"]
[SourceTitle "Ajedrez en Madrid"]
[Source "lmi"]
[SourceDate "2018.08.24"]

1. Nf3 Nf6 2. c4 g6 3. g3 Bg7 4. Bg2 O-O 5. O-O c5 6. d4 d6 7. Nc3 Nc6 8. e3 e5
9. d5 Na5 10. Nd2 a6 11. Re1 Bd7 12. Bf1 Rb8 13. a3 b5 14. cxb5 axb5 15. b4 Nb7
16. e4 Qb6 17. h3 Rbc8 18. Ndb1 Ne8 19. Be3 f5 20. f3 f4 21. gxf4 exf4 22. Bf2
Qc7 23. Ra2 cxb4 24. Nxb5 Bxb5 25. Bxb5 Qa5 26. Bc6 Nc5 27. Qd2 Rb8 28. axb4
Qxb4 29. Qxb4 Rxb4 30. Rd1 Rb3 31. Ra3 Rb2 32. Nd2 1-0

[Event "Collado Villalba op-A 35th"]
[Site "Collado Villalba ESP"]
[Date "2018.08.24"]
[Round "1.5"]
[White "Sotoca Aguado, Jose"]
[Black "Perez Gonzalez, Jose Manuel"]
[Result "0-1"]
[WhiteElo "1920"]
[BlackElo "2277"]
[PlyCount "76"]
[EventDate "2018.08.24"]
[EventType "swiss"]
[EventRounds "9"]
[EventCountry "ESP"]
[SourceTitle "Ajedrez en Madrid"]
[Source "lmi"]
[SourceDate "2018.08.24"]

1. e4 c5 2. Nc3 d6 3. g3 Nc6 4. Bg2 g6 5. Nge2 Bg7 6. O-O Nf6 7. d3 O-O 8. Bg5
h6 9. Bf4 e5 10. Bd2 Nd4 11. Qc1 Kh7 12. f4 Bg4 13. Nxd4 cxd4 14. Nd1 Rc8 15.
Nf2 Bd7 16. Qd1 Qb6 17. b3 Rc6 18. Rc1 Rfc8 19. g4 Qc7 20. g5 Ng8 21. f5 Rxc2
22. Ng4 Rxc1 23. Bxc1 gxf5 24. Nxh6 Bxh6 25. Qh5 f4 26. Qxf7+ Kh8 27. gxh6 Be8
28. Qe6 Qd7 29. Bh3 Rd8 30. Ba3 Qxe6 31. Bxe6 Nxh6 32. Kf2 Kg7 33. Rg1+ Kf6 34.
Bh3 Bd7 35. Bxd7 Rxd7 36. h4 Rh7 37. Rg5 Nf7 38. Rg4 Rh5 0-1

[Event "Collado Villalba op-A 35th"]
[Site "Collado Villalba ESP"]
[Date "2018.08.24"]
[Round "1.6"]
[White "Longa Yauca, Javier"]
[Black "Martin Arbeloa, Fernando"]
[Result "1-0"]
[WhiteElo "2268"]
[BlackElo "1918"]
[PlyCount "67"]
[EventDate "2018.08.24"]
[EventType "swiss"]
[EventRounds "9"]
[EventCountry "ESP"]
[SourceTitle "Ajedrez en Madrid"]
[Source "lmi"]
[SourceDate "2018.08.24"]

1. d4 Nf6 2. c4 Nc6 3. d5 Ne5 4. Qc2 e6 5. e4 Bc5 6. Nc3 a6 7. Bf4 Ng6 8. Bg3
e5 9. Nf3 d6 10. b4 Ba7 11. a4 O-O 12. a5 Nh5 13. Nd2 Ngf4 14. c5 dxc5 15. b5
f5 16. Bxf4 Nxf4 17. g3 Nh5 18. Be2 Qe8 19. d6 c6 20. b6 Bb8 21. Nc4 Be6 22.
O-O-O fxe4 23. Qxe4 Nf6 24. Qxe5 Nd5 25. Ne4 Rf5 26. Qb2 Nf6 27. Nxf6+ Rxf6 28.
f4 Bd5 29. Qe5 Re6 30. Rxd5 Rxe5 31. Rxe5 Qf7 32. Rd1 Kf8 33. d7 Bd6 34. Nxd6
1-0

[Event "Collado Villalba op-A 35th"]
[Site "Collado Villalba ESP"]
[Date "2018.08.24"]
[Round "1.7"]
[White "Perez Vazquez, Manuel"]
[Black "Martinez Fernandez, Raul"]
[Result "0-1"]
[WhiteElo "1903"]
[BlackElo "2199"]
[PlyCount "82"]
[EventDate "2018.08.24"]
[EventType "swiss"]
[EventRounds "9"]
[EventCountry "ESP"]
[SourceTitle "Ajedrez en Madrid"]
[Source "lmi"]
[SourceDate "2018.08.24"]

1. d4 d5 2. c4 c6 3. Nc3 Nf6 4. Nf3 dxc4 5. a4 Bf5 6. Ne5 Nbd7 7. Nxc4 Qc7 8.
g3 e5 9. dxe5 Nxe5 10. Bf4 Nfd7 11. Bg2 g5 12. Ne3 gxf4 13. Nxf5 O-O-O 14. Qc2
Nc5 15. O-O fxg3 16. hxg3 a5 17. Rad1 h5 18. Rxd8+ Qxd8 19. Rd1 Qf6 20. f4 Ng4
21. e4 Nd7 22. Nb5 Bc5+ 23. Nbd4 Rg8 24. e5 Qd8 25. Qc4 Qb6 26. e6 fxe6 27.
Qxe6 Rd8 28. Bf3 Kb8 29. Bxg4 hxg4 30. b3 Ka7 31. Kf1 Nf8 32. Qf6 Rd7 33. Kg2
Qb4 34. Kf1 Ka8 35. Rd3 Qa3 36. Qe5 Qa1+ 37. Ke2 Rh7 38. Qe8+ Ka7 39. Nxc6+
bxc6 40. Rd8 Rh2+ 41. Kd3 Qb1+ 0-1

[Event "Collado Villalba op-A 35th"]
[Site "Collado Villalba ESP"]
[Date "2018.08.24"]
[Round "1.8"]
[White "Semprun Martinez, Fernando"]
[Black "Garcia Galeote, Lorenzo"]
[Result "1-0"]
[WhiteElo "2145"]
[BlackElo "1899"]
[PlyCount "107"]
[EventDate "2018.08.24"]
[EventType "swiss"]
[EventRounds "9"]
[EventCountry "ESP"]
[SourceTitle "Ajedrez en Madrid"]
[Source "lmi"]
[SourceDate "2018.08.24"]

1. e4 d5 2. exd5 Qxd5 3. Nc3 Qd6 4. d4 Nf6 5. Nf3 Bg4 6. h3 Bh5 7. g4 Bg6 8.
Ne5 Nbd7 9. Bf4 Nxe5 10. dxe5 Qb4 11. Bd2 Nd7 12. Bg2 O-O-O 13. Qe2 Bxc2 14.
Nb5 Qc5 15. Rc1 Nxe5 16. Be4 Bxe4 17. Rxc5 Nd3+ 18. Kd1 Nxb2+ 19. Kc1 Nd3+ 20.
Qxd3 Bxd3 21. Rxc7+ Kb8 22. Bf4 e5 23. Bxe5 Ka8 24. Rd1 Bb4 25. Bc3 Bxc3 26.
Nxc3 Bg6 27. f4 Kb8 28. Rdd7 Rxd7 29. Rxd7 f5 30. Rxg7 Rd8 31. g5 a6 32. h4 Rd3
33. Kc2 Rh3 34. Nd5 Rxh4 35. Kc3 Rh1 36. Kd4 Ra1 37. Ne7 Re1 38. Kc5 Rc1+ 39.
Kd5 Rf1 40. Ke5 Re1+ 41. Kf6 Rf1 42. Nxg6 hxg6 43. Kxg6 Rxf4 44. Rf7 Ra4 45.
Rxf5 Rxa2 46. Kf6 Rc2 47. g6 b5 48. g7 Rc6+ 49. Ke5 Rg6 50. Rf8+ Kc7 51. g8=Q
Rxg8 52. Rxg8 Kb6 53. Kd4 Ka5 54. Rg5 1-0

[Event "Collado Villalba op-A 35th"]
[Site "Collado Villalba ESP"]
[Date "2018.08.24"]
[Round "1.9"]
[White "Andrade Sandoval, Bianca"]
[Black "Mkrtchyan, Levon"]
[Result "1/2-1/2"]
[WhiteElo "1890"]
[BlackElo "2128"]
[PlyCount "65"]
[EventDate "2018.08.24"]
[EventType "swiss"]
[EventRounds "9"]
[EventCountry "ESP"]
[SourceTitle "Ajedrez en Madrid"]
[Source "lmi"]
[SourceDate "2018.08.24"]

1. d4 Nf6 2. Bf4 c5 3. e3 e6 4. Nf3 cxd4 5. exd4 Nc6 6. Nc3 Bb4 7. a3 Bxc3+ 8.
bxc3 d5 9. Nd2 O-O 10. Bd3 Re8 11. O-O e5 12. dxe5 Nxe5 13. Bb5 Bd7 14. Bxd7
Qxd7 15. Nb3 Rac8 16. Bxe5 Rxe5 17. Qd4 Re7 18. Qxa7 Rxc3 19. Nd4 Rc4 20. Rfe1
h6 21. Rxe7 Qxe7 22. Qb8+ Kh7 23. Nf5 Qe6 24. Ne3 Re4 25. Qxb7 Rxe3 26. fxe3
Qxe3+ 27. Kh1 Ng4 28. h3 Nf2+ 29. Kg1 Nd1+ 30. Kh2 Qe5+ 31. g3 Qxa1 32. Qxd5
Qc1 33. Qf5+ 1/2-1/2

[Event "Collado Villalba op-A 35th"]
[Site "Collado Villalba ESP"]
[Date "2018.08.24"]
[Round "1.10"]
[White "Pastor Alonso de Prado, Emilio Alberto"]
[Black "Carrasco Coquillat, Alvaro"]
[Result "1/2-1/2"]
[WhiteElo "2112"]
[BlackElo "1865"]
[PlyCount "60"]
[EventDate "2018.08.24"]
[EventType "swiss"]
[EventRounds "9"]
[EventCountry "ESP"]
[SourceTitle "Ajedrez en Madrid"]
[Source "lmi"]
[SourceDate "2018.08.24"]

1. e4 c5 2. c3 Nf6 3. e5 Nd5 4. d4 cxd4 5. Nf3 d6 6. Qxd4 e6 7. Nbd2 Nc6 8. Bb5
Bd7 9. Bxc6 Bxc6 10. Nc4 f6 11. Nxd6+ Bxd6 12. exd6 e5 13. Qd1 Qxd6 14. O-O
O-O-O 15. Qe2 Rhe8 16. Re1 g5 17. c4 Nf4 18. Bxf4 exf4 19. Qd1 Rxe1+ 20. Qxe1
Qd3 21. Qe6+ Kc7 22. Re1 Bxf3 23. gxf3 Qxf3 24. b4 Qc6 25. Qf7+ Rd7 26. Re7 Qd6
27. Rxd7+ Qxd7 28. Qxf6 Qg4+ 29. Kf1 Qd1+ 30. Kg2 Qg4+ 1/2-1/2

[Event "Collado Villalba op-A 35th"]
[Site "Collado Villalba ESP"]
[Date "2018.08.24"]
[Round "1.11"]
[White "Lopez Heras, Arturo"]
[Black "Fernandez de Pablo, Miguel Angel"]
[Result "1/2-1/2"]
[WhiteElo "1863"]
[BlackElo "2107"]
[PlyCount "119"]
[EventDate "2018.08.24"]
[EventType "swiss"]
[EventRounds "9"]
[EventCountry "ESP"]
[SourceTitle "Ajedrez en Madrid"]
[Source "lmi"]
[SourceDate "2018.08.24"]

1. e4 c5 2. Nf3 e6 3. d4 cxd4 4. Nxd4 a6 5. Be2 Nf6 6. Bf3 Nc6 7. Nxc6 bxc6 8.
O-O Qc7 9. Re1 d6 10. Bg5 Be7 11. Nd2 Bb7 12. Nc4 Rd8 13. Qe2 e5 14. Bd2 Qb8
15. Ba5 Rd7 16. Nb6 Rc7 17. Nc4 Rc8 18. Rad1 O-O 19. Qd2 d5 20. exd5 cxd5 21.
Nxe5 Bd6 22. Bc3 Rfe8 23. Ng4 Nxg4 24. Bxg4 Rc4 25. Be2 Bxh2+ 26. Kf1 Bf4 27.
Qd3 Rce4 28. Bf3 Rxe1+ 29. Rxe1 Rxe1+ 30. Kxe1 Qd6 31. Qd4 f6 32. Bb4 Qe5+ 33.
Qxe5 fxe5 34. Bd6 Kf7 35. g3 e4 36. Bxf4 exf3 37. Kd2 Bc8 38. Ke3 Bg4 39. Kd4
Ke6 40. b4 Bf5 41. c3 Bc2 42. Kc5 h6 43. Kb6 Bd3 44. a4 g5 45. Be3 Kf5 46. b5
axb5 47. axb5 h5 48. Kc6 h4 49. gxh4 gxh4 50. b6 Ba6 51. Bc5 h3 52. Bd6 Ke4 53.
b7 Bxb7+ 54. Kxb7 d4 55. cxd4 Kxd4 56. Kc6 Kd3 57. Kd5 Ke2 58. Bg3 h2 59. Bxh2
Kxf2 60. Bd6 1/2-1/2

[Event "Collado Villalba op-A 35th"]
[Site "Collado Villalba ESP"]
[Date "2018.08.24"]
[Round "1.12"]
[White "Reyes Peñas, Sebastian"]
[Black "Camacho Casado, Natalio"]
[Result "1-0"]
[WhiteElo "2103"]
[BlackElo "1836"]
[PlyCount "113"]
[EventDate "2018.08.24"]
[EventType "swiss"]
[EventRounds "9"]
[EventCountry "ESP"]
[SourceTitle "Ajedrez en Madrid"]
[Source "lmi"]
[SourceDate "2018.08.24"]

1. e4 c5 2. Nf3 e6 3. d4 cxd4 4. Nxd4 a6 5. g3 d5 6. Nf3 Nf6 7. exd5 Qxd5 8.
Qxd5 Nxd5 9. a3 b5 10. Bg2 Bb7 11. O-O Nc6 12. Nbd2 Be7 13. c4 bxc4 14. Nxc4
O-O 15. Re1 Rfd8 16. Bd2 Bf6 17. Bg5 Rac8 18. Bxf6 gxf6 19. Rac1 Rc7 20. b4 Kg7
21. h3 Rcd7 22. Nfd2 Rc7 23. Nb3 Bc8 24. Red1 Nce7 25. Nc5 Rc6 26. Na5 Rb6 27.
Kh2 Kg6 28. Nc4 Rb8 29. f4 h6 30. Rd2 Bb7 31. Na5 Bc8 32. Rcd1 Rd6 33. g4 Rdb6
34. Nc4 Rc6 35. Kg3 h5 36. Be4+ Kh6 37. Kf3 Rb5 38. g5+ Kg7 39. gxf6+ Kxf6 40.
Ne5 Rc7 41. Bd3 Rbxc5 42. bxc5 Rxc5 43. Rc2 Ra5 44. Nc4 Ra4 45. Kg3 a5 46. Nd6
Bd7 47. Ne4+ Kg7 48. Nc5 Ne3 49. Nxa4 Bxa4 50. Rdc1 Nxc2 51. Bxc2 Bc6 52. Bd3
a4 53. Rc5 Bd5 54. Bc2 Bb3 55. Bxb3 axb3 56. Rb5 Nf5+ 57. Kf2 1-0

[Event "Collado Villalba op-A 35th"]
[Site "Collado Villalba ESP"]
[Date "2018.08.24"]
[Round "1.13"]
[White "Fernandez Garcia, Ignacio"]
[Black "Cao Armillas, Jesus"]
[Result "0-1"]
[WhiteElo "1811"]
[BlackElo "2043"]
[PlyCount "84"]
[EventDate "2018.08.24"]
[EventType "swiss"]
[EventRounds "9"]
[EventCountry "ESP"]
[SourceTitle "Ajedrez en Madrid"]
[Source "lmi"]
[SourceDate "2018.08.24"]

1. e4 c5 2. g3 d5 3. exd5 Qxd5 4. Qf3 Nf6 5. Bb5+ Nbd7 6. Nc3 Qxf3 7. Nxf3 a6
8. Be2 g6 9. d3 Bg7 10. O-O O-O 11. Re1 b5 12. Ne5 Bb7 13. Bf3 Bxf3 14. Nxf3
Rfe8 15. Bd2 Rad8 16. Re2 b4 17. Na4 Nd5 18. Rae1 e6 19. Ng5 Rc8 20. Ne4 Rc6
21. c3 Ne5 22. Rd1 Nxd3 23. c4 Nb6 24. Nxb6 Rxb6 25. b3 f5 26. Ng5 e5 27. Nf3
e4 28. Bh6 Bxh6 29. Rxd3 Rf8 30. Rd7 exf3 31. Ree7 g5 32. h3 Rg6 33. Re5 Rg7
34. Rdd5 Rc7 35. Rxf5 Rxf5 36. Rxf5 Kg7 37. Rxf3 Kg6 38. Re3 Rc6 39. Re2 Bg7
40. Kg2 Bd4 41. Re4 Kf5 42. Kf3 Re6 0-1

[Event "Collado Villalba op-A 35th"]
[Site "Collado Villalba ESP"]
[Date "2018.08.24"]
[Round "1.15"]
[White "Pardo Veguezzi, Jose Manuel"]
[Black "Aziz Ortego, Omar Luis"]
[Result "0-1"]
[WhiteElo "1800"]
[BlackElo "2024"]
[PlyCount "46"]
[EventDate "2018.08.24"]
[EventType "swiss"]
[EventRounds "9"]
[EventCountry "ESP"]
[SourceTitle "Ajedrez en Madrid"]
[Source "lmi"]
[SourceDate "2018.08.24"]

1. e4 e5 2. Nc3 Nc6 3. Nf3 Bc5 4. Nxe5 Nxe5 5. d4 Bd6 6. dxe5 Bxe5 7. Bd2 c6 8.
f4 Bd4 9. Qf3 d6 10. Bc4 Nf6 11. h3 b5 12. e5 dxe5 13. fxe5 Bxe5 14. Bxb5 O-O
15. Bxc6 Rb8 16. Ba4 Bb7 17. Qf5 Bg3+ 18. Kd1 Qb6 19. Qb5 Qc7 20. Qe2 Rfd8 21.
Kc1 Rxd2 22. Kxd2 Qf4+ 23. Qe3 Rd8+ 0-1

[Event "Collado Villalba op-A 35th"]
[Site "Collado Villalba ESP"]
[Date "2018.08.24"]
[Round "1.16"]
[White "Khudov, Oleksandr"]
[Black "Carrasco Coquillat, Jorge"]
[Result "1-0"]
[WhiteElo "2021"]
[BlackElo "1799"]
[PlyCount "107"]
[EventDate "2018.08.24"]
[EventType "swiss"]
[EventRounds "9"]
[EventCountry "ESP"]
[SourceTitle "Ajedrez en Madrid"]
[Source "lmi"]
[SourceDate "2018.08.24"]

1. d4 Nf6 2. Bf4 e6 3. e3 c5 4. c3 Nc6 5. Nf3 d5 6. Nbd2 Bd6 7. Bg3 O-O 8. Bd3
b6 9. Ne5 Bb7 10. O-O Qc7 11. f4 Ne7 12. Qf3 Nf5 13. Rad1 Be7 14. Rfe1 Nd6 15.
Bh4 Nfe4 16. Bxe7 Qxe7 17. Bxe4 dxe4 18. Qe2 cxd4 19. exd4 f5 20. Nf1 Rac8 21.
Ne3 Nf7 22. Rd2 Rfd8 23. Red1 g6 24. g3 Kg7 25. Kf2 Rc7 26. Kg2 Nxe5 27. dxe5
Rcd7 28. Kf2 Rxd2 29. Rxd2 Ba6 30. c4 Rxd2 31. Qxd2 Kf7 32. a3 Qc7 33. Qd4 Ke7
34. b4 Qd7 35. Qxd7+ Kxd7 36. g4 Bb7 37. gxf5 exf5 38. h4 h5 39. Ke2 Ke6 40.
Kd2 a6 41. Nc2 Ba8 42. Kc3 Bb7 43. Kd4 Bc6 44. Ne3 Bb7 45. a4 Bc6 46. a5 b5 47.
Kc5 Bd7 48. Nc2 bxc4 49. Nd4+ Ke7 50. Kxc4 Bb5+ 51. Nxb5 axb5+ 52. Kd4 Kd7 53.
a6 Kc6 54. e6 1-0

[Event "Collado Villalba op-A 35th"]
[Site "Collado Villalba ESP"]
[Date "2018.08.24"]
[Round "1.17"]
[White "Sancho Castiello, Federico"]
[Black "Martin Martin, Luis Vicente"]
[Result "0-1"]
[WhiteElo "1795"]
[BlackElo "1998"]
[PlyCount "106"]
[EventDate "2018.08.24"]
[EventType "swiss"]
[EventRounds "9"]
[EventCountry "ESP"]
[SourceTitle "Ajedrez en Madrid"]
[Source "lmi"]
[SourceDate "2018.08.24"]

1. e4 d5 2. exd5 Qxd5 3. Nc3 Qa5 4. d4 c6 5. Nf3 Nf6 6. Bd2 Bf5 7. Bc4 e6 8.
O-O Nbd7 9. Re1 Bb4 10. a3 Bxc3 11. Bxc3 Qc7 12. Bd3 Bg4 13. h3 Bh5 14. g4 Bg6
15. Ne5 Nd5 16. Qf3 Nxc3 17. bxc3 Nxe5 18. Rxe5 Bxd3 19. Qxd3 O-O-O 20. Qc4 Rd5
21. Rae1 Rhd8 22. f4 c5 23. dxc5 Qc6 24. Kf2 Rxe5 25. Rxe5 Qh1 26. Qf1 Rd2+ 27.
Re2 Qh2+ 28. Ke3 Rxe2+ 29. Qxe2 Qxh3+ 30. Kd4 Qh1 31. Kc4 Qc6 32. Kb4 a5+ 33.
Kb3 Qxc5 34. a4 Kc7 35. Qd3 Qd5+ 36. c4 Qd6 37. Qc3 Qb6+ 38. Ka3 Qc5+ 39. Kb3
f6 40. Qd2 h6 41. c3 Qd6 42. Qd4 Qxd4 43. cxd4 f5 44. Kc3 fxg4 45. Kd3 h5 46.
Ke2 h4 47. Kf2 g6 48. Kg2 Kd6 49. Kf2 Ke7 50. Kg2 Kf6 51. Kf2 Kf5 52. d5 exd5
53. cxd5 Kf6 0-1

[Event "Collado Villalba op-A 35th"]
[Site "Collado Villalba ESP"]
[Date "2018.08.24"]
[Round "1.18"]
[White "Lopez de Turiso, Jose Angel"]
[Black "Trujillo Martin, Carlos"]
[Result "1-0"]
[WhiteElo "1990"]
[BlackElo "1761"]
[PlyCount "59"]
[EventDate "2018.08.24"]
[EventType "swiss"]
[EventRounds "9"]
[EventCountry "ESP"]
[SourceTitle "Ajedrez en Madrid"]
[Source "lmi"]
[SourceDate "2018.08.24"]

1. e4 e6 2. d4 d5 3. Nc3 Bb4 4. Nge2 dxe4 5. a3 Ba5 6. b4 Bb6 7. Nxe4 Nc6 8. c3
h6 9. N2g3 Nf6 10. Bd3 a5 11. Bd2 axb4 12. axb4 Rxa1 13. Qxa1 e5 14. O-O exd4
15. Nxf6+ Qxf6 16. Nh5 Qd8 17. Nxg7+ Kf8 18. Nf5 Bxf5 19. Bxf5 Qf6 20. Be4 dxc3
21. Bxc6 Qxc6 22. Bxc3 Rg8 23. Qa8+ Qe8 24. Qxb7 Rg6 25. Ra1 Rd6 26. h3 Kg8 27.
Qf3 Qe6 28. Ra8+ Kh7 29. Rh8+ Kg6 30. Rg8+ 1-0

[Event "Collado Villalba op-A 35th"]
[Site "Collado Villalba ESP"]
[Date "2018.08.25"]
[Round "2.1"]
[White "Martin Duque, Jesus"]
[Black "Semprun Martinez, Fernando"]
[Result "1-0"]
[WhiteElo "2378"]
[BlackElo "2145"]
[PlyCount "81"]
[EventDate "2018.08.24"]
[EventType "swiss"]
[EventRounds "9"]
[EventCountry "ESP"]
[SourceTitle "Ajedrez en Madrid"]
[Source "lmi"]
[SourceDate "2018.08.24"]

1. e4 c5 2. Nf3 Nc6 3. Bb5 Nf6 4. e5 Nd5 5. Nc3 Nc7 6. Bxc6 dxc6 7. h3 Bf5 8.
d3 h6 9. Qe2 e6 10. Ne4 Qd7 11. Bf4 Nb5 12. c3 O-O-O 13. Rd1 Be7 14. Bg3 Bxe4
15. Qxe4 Qd5 16. Qa4 Qd7 17. c4 Nd4 18. Nxd4 Qxd4 19. Qxa7 Kc7 20. Qa5+ Kb8 21.
O-O Rd7 22. b3 Bd8 23. Qd2 Bg5 24. Qe2 Rhd8 25. Kh1 Bf4 26. Bxf4 Qxf4 27. Rd2
h5 28. Rfd1 h4 29. Qe3 Qd4 30. a3 g6 31. Kg1 Kc7 32. Kf1 Ra8 33. a4 b6 34. Ke2
Rb8 35. Rf1 Kb7 36. f4 Qxe3+ 37. Kxe3 Rbd8 38. Rb1 Ka6 39. b4 cxb4 40. Rxb4 Ka5
41. Rb3 1-0

[Event "Collado Villalba op-A 35th"]
[Site "Collado Villalba ESP"]
[Date "2018.08.25"]
[Round "2.2"]
[White "Brull Cortes, Boris"]
[Black "Hernando Pertierra, Jose Carlos"]
[Result "1-0"]
[WhiteElo "2029"]
[BlackElo "2354"]
[PlyCount "65"]
[EventDate "2018.08.24"]
[EventType "swiss"]
[EventRounds "9"]
[EventCountry "ESP"]
[SourceTitle "Ajedrez en Madrid"]
[Source "lmi"]
[SourceDate "2018.08.24"]

1. e4 g6 2. d4 Bg7 3. Nc3 c6 4. Nf3 d5 5. h3 Nh6 6. Bf4 f6 7. exd5 cxd5 8. Nb5
O-O 9. c4 Bd7 10. Nc3 Bc6 11. Qb3 e6 12. Bd3 Nf7 13. cxd5 exd5 14. O-O a5 15.
Rfe1 a4 16. Qc2 Nd7 17. b4 axb3 18. Qxb3 Nb6 19. Rab1 Nc4 20. Nb5 Qd7 21. Qb4
Rfc8 22. Re7 Qd8 23. Qe1 Bf8 24. Rc7 Nb6 25. Qe6 Nd7 26. Rxc8 Qxc8 27. Nc7 Nde5
28. dxe5 Qxc7 29. Qxf6 Be7 30. e6 Nd6 31. Qe5 Rxa2 32. Ng5 Ra4 33. Nf7 1-0

[Event "Collado Villalba op-A 35th"]
[Site "Collado Villalba ESP"]
[Date "2018.08.25"]
[Round "2.3"]
[White "Elissalt Cardenas, Hector"]
[Black "Reyes Peñas, Sebastian"]
[Result "0-1"]
[WhiteElo "2323"]
[BlackElo "2103"]
[PlyCount "86"]
[EventDate "2018.08.24"]
[EventType "swiss"]
[EventRounds "9"]
[EventCountry "ESP"]
[SourceTitle "Ajedrez en Madrid"]
[Source "lmi"]
[SourceDate "2018.08.24"]

1. d4 Nf6 2. c4 e6 3. Nc3 Bb4 4. e3 b6 5. Bd3 Bb7 6. f3 O-O 7. Bd2 d5 8. cxd5
exd5 9. Nge2 Re8 10. O-O Bf8 11. Qc2 c5 12. Rad1 Nc6 13. a3 a6 14. Kh1 g6 15.
dxc5 bxc5 16. e4 d4 17. Nb1 Ne5 18. Bg5 h6 19. Bxf6 Qxf6 20. Nd2 a5 21. Nc4
Nxd3 22. Qxd3 Ba6 23. Rc1 Rab8 24. Qd2 Bxc4 25. Rxc4 Rxe4 26. Ng3 Re3 27. Rfc1
Qf4 28. Nf1 Bd6 29. Qxe3 dxe3 30. Rxf4 Bxf4 31. Rc2 Rd8 32. Re2 Rb8 33. g3 Be5
34. Rxe3 Bxb2 35. a4 Rb4 36. Re4 Bd4 37. Re8+ Kg7 38. Ne3 Rxa4 39. Nd5 Ra2 40.
Rc8 a4 41. Nc7 Kf6 42. Na6 Rc2 43. Ra8 a3 0-1

[Event "Collado Villalba op-A 35th"]
[Site "Collado Villalba ESP"]
[Date "2018.08.25"]
[Round "2.4"]
[White "Aziz Ortego, Omar Luis"]
[Black "Quispe Arteaga, Gabriel"]
[Result "0-1"]
[WhiteElo "2024"]
[BlackElo "2312"]
[PlyCount "98"]
[EventDate "2018.08.24"]
[EventType "swiss"]
[EventRounds "9"]
[EventCountry "ESP"]
[SourceTitle "Ajedrez en Madrid"]
[Source "lmi"]
[SourceDate "2018.08.24"]

1. e4 c5 2. c4 Nc6 3. Ne2 e5 4. d3 g6 5. Nbc3 Bg7 6. Nd5 d6 7. Nec3 Be6 8. Be2
Nf6 9. Bg5 h6 10. Be3 O-O 11. O-O Nd4 12. f4 exf4 13. Nxf4 Nd7 14. Qd2 Kh7 15.
Rae1 a6 16. Bd1 b5 17. Ncd5 bxc4 18. dxc4 Bxd5 19. Nxd5 Nb6 20. b3 Nxd5 21.
exd5 a5 22. Bc2 Qd7 23. Bb1 Rfe8 24. Bf2 Reb8 25. Bh4 Re8 26. Bf6 Rxe1 27. Qxe1
Bxf6 28. Rxf6 Kg7 29. Rf4 Re8 30. Re4 Qg4 31. h3 Rxe4 32. Qxe4 Qxe4 33. Bxe4
Ne2+ 34. Kf2 Nc3 35. Ke3 Nxa2 36. Bb1 Nb4 37. Kf4 Na6 38. Ke4 Kf6 39. Bd3 Nb8
40. Be2 Nd7 41. Bd1 Kg5 42. g3 f5+ 43. Ke3 Kf6 44. Kf4 g5+ 45. Ke3 Ke5 46. Bh5
Nf6 47. Bf3 h5 48. Bg2 g4 49. hxg4 hxg4 0-1